000 00849nab a2200241 i 4500
001 193685
003 ES-MaACL
005 20250824094047.0
007 t|
008 240206s2002 sp ||||1| spa d
040 _aES-MaACL
_bspa
100 1 _aSantarriaga, Yago
_eaut
_9235052
245 1 3 _aLa Biblioteca del Ateneo :
_bel paraíso del lector /
_cYago Santarriaga
260 _a[Madrid] :
_bLeer,
_c2002
300 _a4 páginas :
_bilustraciones ;
_c30 cm
500 _aFotocopia del artículo de Yago Santarriaga sobre la Biblioteca del Ateneo de Madrid, publicado en la revista "Leer", junio de 2002
610 2 4 _aAteneo de Madrid.
_bBiblioteca
_91951
655 4 _aArtículos
_9175745
852 4 _aES-MaACL
_cDEPOF
_j2347-F-49
_9201210
942 _2udc
_cANAB
_n0
999 _c193685
_d193685